000 00525nam a22001937a 4500
003 KOHA_MİRAKIL
005 20251123133703.0
008 251123b tu ||||| |||| 00| 0 tur d
020 _a9786254191343
040 _aTR-AnABB
_btur
_cTR-AnABB
041 _atur
082 _a813.32
_bFAT 2022
100 1 _aFatma Aliye Hanım,
245 1 0 _aUdî /
_cAliye Fatma Hanım
260 _aAnkara :
_bDorlion Yayınları,
_c2022
300 _a128 sayfa ;
_c21 cm
650 0 4 _aTürk edebiyatı, roman
942 _2ddc
_cBK
999 _c9558
_d9558
900 _bGizem YORULMAZ